000 01005nam a2200301 i 4500
003 DO-SdBNP
005 20240701134113.0
006 a||||ar|||| 00| 0
007 ta
008 240701e2017 dr aoc|| |||| 00| 0 spa d
020 _a9789945607482
040 _aDO-SdBNP
_bspa
_cBNPHU
_erda
082 4 _222
_aRD863.5
_bJ61v
100 1 _aJiménez, Josefina
_982817
_eautora
245 1 0 _aPlan lector de ediciones CP /
_cPortada y diagramación, Katherine De La Rosa.
264 1 _aSanto Domingo :
_bEdiciones CP,
_c2017
300 _a7 páginas :
_bilustraciones, fotografías, retrato ;
_c28 cm.
336 _2rdacontent
_atexto
_btxt
337 _2rdamedia
_asin mediación
_bn
338 _2rdacarrier
_avolumen
_bnc
490 _aPlan lector CP ;
_v1
500 _aPrimaria, primer ciclo.
500 _aRevista de motivaciones.
590 _aInventariado 2024 / MF
700 1 _aRosa, Khatrine, De La,
_eportada y diagramación
_985903
710 2 _aFotolia
_efotografías
_985904
942 _2ddc
_cLF2
999 _c57088
_d57088